Documentos de Estudio /

Gorde:
Xehetasun bibliografikoak
Erakunde egilea: Confederación Universitaria Centroamericana
Formatua: Liburua
Hizkuntza:Spanish
Argitaratua: San José, Costa Rica: Confederación Universitaria Centroamericana
Gaiak:
Etiketak: Etiketa erantsi
Etiketarik gabe, Izan zaitez lehena erregistro honi etiketa jartzen!

MARC

LEADER 00000nam a22000007a 4500
003 cru CIDCACS/IIS
005 20200325162944.0
008 200325n cr |||||r|||||||| ||spa|d
999 |c 43024  |d 43024 
040 |c cru CIDCACS/IIS 
090 |a REV1509 
110 2 |9 9180  |a Confederación Universitaria Centroamericana 
245 1 |a Documentos de Estudio /  |c Confederación Universitaria Centroamericana 
260 |a San José, Costa Rica:  |b Confederación Universitaria Centroamericana 
500 |a EXISTENCIAS: s.a (4-5) 1981 (6-7) 1982 (6-7) 
650 0 |9 1123  |a DESARROLLO RURAL 
650 0 |9 93  |a AGRICULTURA 
650 0 |9 2023  |a POLITICA AGRARIA 
650 0 |9 64  |a CAPITALISMO 
650 0 |9 378  |a GUERRA 
942 |2 ddc  |c PP